<?xml version="1.0" encoding="UTF-8"?>
<record
    xmlns:xsi="http://www.w3.org/2001/XMLSchema-instance"
    xsi:schemaLocation="http://www.loc.gov/MARC21/slim http://www.loc.gov/standards/marcxml/schema/MARC21slim.xsd"
    xmlns="http://www.loc.gov/MARC21/slim">

  <leader>00420nam a22001577a 4500</leader>
  <controlfield tag="005">20160106160321.0</controlfield>
  <controlfield tag="008">160106b        xxu||||| |||| 00| 0 eng d</controlfield>
  <datafield tag="020" ind1=" " ind2=" ">
    <subfield code="a">9698483454</subfield>
  </datafield>
  <datafield tag="040" ind1=" " ind2=" ">
    <subfield code="c">PK-LaUMT</subfield>
  </datafield>
  <datafield tag="082" ind1=" " ind2=" ">
    <subfield code="a">MMC 891.4394</subfield>
    <subfield code="b">QAS-S</subfield>
  </datafield>
  <datafield tag="100" ind1=" " ind2=" ">
    <subfield code="a">&#x642;&#x627;&#x633;&#x645; &#x62B;&#x641;&#x642;&#x6CC;</subfield>
  </datafield>
  <datafield tag="245" ind1=" " ind2=" ">
    <subfield code="a">&#x633;&#x648;&#x686; &#x6A9;&#x627; &#x633;&#x641;&#x631;</subfield>
    <subfield code="c">&#x642;&#x627;&#x633;&#x645; &#x62B;&#x641;&#x642;&#x6CC;</subfield>
  </datafield>
  <datafield tag="260" ind1=" " ind2=" ">
    <subfield code="a">&#x644;&#x627;&#x6C1;&#x648;&#x631;</subfield>
    <subfield code="b">&#x645;&#x644;&#x679;&#x6CC; &#x645;&#x6CC;&#x688;&#x6CC;&#x627; &#x627;&#x641;&#x6CC;&#x631;&#x632;</subfield>
    <subfield code="c">2006</subfield>
  </datafield>
  <datafield tag="300" ind1=" " ind2=" ">
    <subfield code="a">168 &#x635;</subfield>
  </datafield>
  <datafield tag="942" ind1=" " ind2=" ">
    <subfield code="c">BK</subfield>
  </datafield>
  <datafield tag="999" ind1=" " ind2=" ">
    <subfield code="c">81245</subfield>
    <subfield code="d">81245</subfield>
  </datafield>
  <datafield tag="952" ind1=" " ind2=" ">
    <subfield code="0">0</subfield>
    <subfield code="1">0</subfield>
    <subfield code="4">0</subfield>
    <subfield code="7">0</subfield>
    <subfield code="a">01</subfield>
    <subfield code="b">01</subfield>
    <subfield code="d">2016-01-06</subfield>
    <subfield code="l">0</subfield>
    <subfield code="o">MMC 891.4394 QAS-S</subfield>
    <subfield code="p">95841</subfield>
    <subfield code="r">2016-01-07 00:00:00</subfield>
    <subfield code="w">2016-01-06</subfield>
    <subfield code="y">BK</subfield>
  </datafield>
  <datafield tag="952" ind1=" " ind2=" ">
    <subfield code="0">0</subfield>
    <subfield code="1">0</subfield>
    <subfield code="4">0</subfield>
    <subfield code="7">0</subfield>
    <subfield code="a">01</subfield>
    <subfield code="b">01</subfield>
    <subfield code="d">2016-01-07</subfield>
    <subfield code="l">3</subfield>
    <subfield code="o">MMC 891.4394 QAS-S</subfield>
    <subfield code="p">95838</subfield>
    <subfield code="r">2022-04-05 00:00:00</subfield>
    <subfield code="s">2022-03-30</subfield>
    <subfield code="w">2016-01-07</subfield>
    <subfield code="y">BK</subfield>
  </datafield>
  <datafield tag="952" ind1=" " ind2=" ">
    <subfield code="0">0</subfield>
    <subfield code="1">0</subfield>
    <subfield code="4">0</subfield>
    <subfield code="7">0</subfield>
    <subfield code="a">01</subfield>
    <subfield code="b">01</subfield>
    <subfield code="d">2016-01-07</subfield>
    <subfield code="l">0</subfield>
    <subfield code="o">MMC 891.4394 QAS-S</subfield>
    <subfield code="p">95839</subfield>
    <subfield code="r">2016-01-07 00:00:00</subfield>
    <subfield code="w">2016-01-07</subfield>
    <subfield code="y">BK</subfield>
  </datafield>
  <datafield tag="952" ind1=" " ind2=" ">
    <subfield code="0">0</subfield>
    <subfield code="1">0</subfield>
    <subfield code="4">0</subfield>
    <subfield code="7">0</subfield>
    <subfield code="a">01</subfield>
    <subfield code="b">01</subfield>
    <subfield code="d">2016-01-07</subfield>
    <subfield code="l">0</subfield>
    <subfield code="o">MMC 891.4394 QAS-S</subfield>
    <subfield code="p">95840</subfield>
    <subfield code="r">2016-01-07 00:00:00</subfield>
    <subfield code="w">2016-01-07</subfield>
    <subfield code="y">BK</subfield>
  </datafield>
</record>
